000 00367nam a2200133Ia 4500
008 240624s9999 xx 000 0 und d
041 _aeng
082 _a332.6 CLA
100 _aCLARK GORDON L
245 _aOXFORD HANDBOOK OF PENSIONS AND RETIREME
260 _c2006
_aOxford
_bOxford University Press
300 _axxxviii, : 936 : p. : 26 : cm.
365 _cGBP
_b27
999 _c18342
_d18342